Human resource development: (Record no. 153774)

MARC details
000 -LEADER
fixed length control field 00624nam a22001937a 4500
003 - CONTROL NUMBER IDENTIFIER
control field dpl
005 - DATE AND TIME OF LATEST TRANSACTION
control field 20180710152727.0
008 - FIXED-LENGTH DATA ELEMENTS--GENERAL INFORMATION
fixed length control field 180710b xxu||||| |||| 00| 0 eng d
020 ## - INTERNATIONAL STANDARD BOOK NUMBER
International Standard Book Number 8185989958
Terms of availability 150.00
040 ## - CATALOGING SOURCE
Original cataloging agency DPL
Language of cataloging EN
Transcribing agency 0
082 ## - DEWEY DECIMAL CLASSIFICATION NUMBER
Classification number 658.3
Item number DWI
100 ## - MAIN ENTRY--PERSONAL NAME
Personal name Dwivedi, R S
245 ## - TITLE STATEMENT
Title Human resource development:
Remainder of title in Indian enteprises
Statement of responsibility, etc /by R.S. Dwivedi [and] Ganesh Kumar Dwivedi
260 ## - PUBLICATION, DISTRIBUTION, ETC. (IMPRINT)
Place of publication, distribution, etc New Delhi
Name of publisher, distributor, etc Galgotia Publishing
Date of publication, distribution, etc 2005
270 ## - ADDRESS
Address 6A/4, W.E.A Karol Bagh
City New Delhi
Postal code 110005
300 ## - PHYSICAL DESCRIPTION
Extent xii, 332p.
Dimensions 23cm.
700 ## - ADDED ENTRY--PERSONAL NAME
Personal name Dwivedi, Ganesh Kumar
942 ## - ADDED ENTRY ELEMENTS (KOHA)
Source of classification or shelving scheme Dewey Decimal Classification
Koha item type English Books
Classification part 658.3
Call number suffix DWI
Holdings
Withdrawn status Lost status Source of classification or shelving scheme Damaged status Not for loan Collection code Home library Current library Date acquired Source of acquisition Cost, normal purchase price Total Checkouts Full call number Barcode Date last seen Cost, replacement price Price effective from Koha item type
    Dewey Decimal Classification     Non-fiction Patel Nagar Patel Nagar 10/07/2018 BPPD/PUB 150.00   658.3 DWI B-223776 10/07/2018 150.00 10/07/2018 English Books

© Delhi Public Library
Hit Counter
free hit counter